América Latina: nuevo papel en las relaciones internacionales /
Gorde:
| Egile nagusia: | |
|---|---|
| Beste egile batzuk: | |
| Formatua: | Texto |
| Etiketak: |
Etiketa erantsi
Etiketarik gabe, Izan zaitez lehena erregistro honi etiketa jartzen!
|
MARC
| LEADER | 00000 a a2200000 04500 | ||
|---|---|---|---|
| 001 | 3180 | ||
| 003 | |||
| 040 | |||
| 100 | |a Bushuev, Valeri | ||
| 245 | |a América Latina: |b nuevo papel en las relaciones internacionales / |c Valeri Bushuev ; Yuri Koslov | ||
| 700 | |a Koslov, Yuri | ||
| 773 | |g número 3; páginas 149-161 | ||
| 999 | |c 37177 |d 37177 | ||
